Online Catalogue and eLibrary

Feminist theory and the classics (Record no. 3398)

MARC details
000 -LEADER
fixed length control field 00502nam a2200205Ia 4500
005 - DATE AND TIME OF LATEST TRANSACTION
control field 20241218021600.0
008 - FIXED-LENGTH DATA ELEMENTS--GENERAL INFORMATION
fixed length control field 240331s9999 xx 000 0 und d
020 ## - INTERNATIONAL STANDARD BOOK NUMBER
ISBN 0415906466
082 ## - DDC Classification
Item Number - Author Mark FEM
Class No. 880.09
245 #0 - TITLE STATEMENT
Title Feminist theory and the classics
260 ## - PUBLICATION, DISTRIBUTION, ETC.
Place of publication, distribution, etc. New York
Name of publisher, distributor, etc. Routledge
Date of publication, distribution, etc. 1993
300 ## - PHYSICAL DESCRIPTION
Extent (e.g. Volumes, Pages etc.) x, 314 p .,
650 ## - SUBJECT ADDED ENTRY--TOPICAL TERM
Topical term or geographic name entry element Classical Literature
650 ## - SUBJECT ADDED ENTRY--TOPICAL TERM
Topical term or geographic name entry element Women
650 ## - SUBJECT ADDED ENTRY--TOPICAL TERM
Topical term or geographic name entry element Sex
650 ## - SUBJECT ADDED ENTRY--TOPICAL TERM
Topical term or geographic name entry element History
700 ## - ADDED ENTRY--PERSONAL NAME
Personal name Robinowitz, N.S.
Relator term (Role) Editor
700 ## - ADDED ENTRY--PERSONAL NAME
Personal name Richlin, A
Relator term (Role) Editor
942 ## - Koha item type (Biblio)
Koha item type Books in Stacks (Lending)
Holdings
Lost status Damaged status Collection code Home library Current library Shelving location Date acquired Full call number Accession Number Item type
    Lending WERC Library WERC Library Social Science Cupboard 03/31/2024 880.09 FEM 3723 Books in Stacks (Lending)

© WERC Library